00495 2200193 4500245006600000020002200066250001100088100002000099700001700119700001800136650002000154650002300174005001900197260002800216041001400244084000800258300002600266336000900292 aCepat dan Mudah Lancar Public SpeakingcAba Mehmed AghahText a978-623-7661-40-5 aCet.13 aAba Mehmed Agha aZhivana A.U. aFirsta Atinda aPublic Speaking aPengetahuan Sosial a20241015141108 aSlemanbChecklistc2024 aIndonesia a659 avi, 158 hlm. :cilus. atext